000 00559nam a2200217 a 4500
999 _c2753
_d2753
001 2753
003 BD-JhCC
005 20171106173458.0
008 171106s bg ||||| |||| 00| 0 be d
035 _a(BD-JhCC)2753
040 _aBD-JhCC
_dBD-JhCC
041 _aben
082 _a891.443
_bJRA
100 _aজরাসন্ধ,
245 _aআশ্রয় /
_cজরাসন্ধ
260 _aঢাকা :
_bরয়েল প্রেস,
300 _a127 p. :
_c22cm.
650 _aBengali Novel
942 _2ddc
_cBK